Prerábate na virtualizácii? bez jasného procesného riadenia môžu nastať drahé prekvapenia
Virtuálne IT prostredie a procesné riadenie (ITIL). Celkové prevádzkové náklady a ich úspora (TCO). Kombinácia procesov a nástroje spoľahlivej prevádzky IT služieb. Architektúra virtuálneho prostredia. Plán technickej podpory.
Salvato in:
| Autore principale: | |
|---|---|
| Natura: | Capitolo di libro |
| Lingua: | slovacco |
| Soggetti: | |
| Tags: |
Nessun Tag, puoi essere il primo ad aggiungerne!!
|
MARC
| LEADER | 00000naa a2200000 4500 | ||
|---|---|---|---|
| 001 | 0128389 | ||
| 005 | 20220725111554.3 | ||
| 041 | 0 | |a slo | |
| 044 | |a SK | ||
| 245 | 1 | 0 | |a Prerábate na virtualizácii? |b bez jasného procesného riadenia môžu nastať drahé prekvapenia |c Andrej Lilov |
| 520 | |a Virtuálne IT prostredie a procesné riadenie (ITIL). Celkové prevádzkové náklady a ich úspora (TCO). Kombinácia procesov a nástroje spoľahlivej prevádzky IT služieb. Architektúra virtuálneho prostredia. Plán technickej podpory. | ||
| 610 | 2 | 0 | |a technológie komunikačné |
| 610 | 2 | 0 | |a technológie informačné |
| 610 | 2 | 0 | |a realita virtuálna |
| 610 | 2 | 0 | |a systémy operačné |
| 610 | 2 | 0 | |a hardvér |
| 610 | 2 | 0 | |a softvér |
| 610 | 2 | 0 | |a servery |
| 610 | 2 | 0 | |a parametre počítača |
| 610 | 2 | 0 | |a siete dátové |
| 610 | 2 | 0 | |a bezpečnosť elektronická |
| 100 | 1 | |a Lilov, Andrej | |